CYTOKINES IN ANIMAL HEALTH AND DISEASE (Record no. 17526)

MARC details
000 -LEADER
fixed length control field 00439nam a22001697a 4500
003 - CONTROL NUMBER IDENTIFIER
control field OSt
005 - DATE AND TIME OF LATEST TRANSACTION
control field 20211110141108.0
008 - FIXED-LENGTH DATA ELEMENTS--GENERAL INFORMATION
fixed length control field 211110b |||||||| |||| 00| 0 eng d
020 ## - INTERNATIONAL STANDARD BOOK NUMBER
International Standard Book Number 9780824794354
040 ## - CATALOGING SOURCE
Transcribing agency HAWASSA UNIVERSITY
050 ## - LIBRARY OF CONGRESS CALL NUMBER
Classification number 636.0896079/CYT
Item number 2
082 ## - DEWEY DECIMAL CLASSIFICATION NUMBER
Classification number 636.0896079/CYT
Item number 2
245 ## - TITLE STATEMENT
Title CYTOKINES IN ANIMAL HEALTH AND DISEASE
260 ## - PUBLICATION, DISTRIBUTION, ETC.
Place of publication, distribution, etc. NEW YORK
Name of publisher, distributor, etc. DEKKER INC
Date of publication, distribution, etc. 1995
300 ## - PHYSICAL DESCRIPTION
Extent ix/465
942 ## - ADDED ENTRY ELEMENTS (KOHA)
Source of classification or shelving scheme Dewey Decimal Classification
Koha item type Books like text book referance book
Suppress in OPAC No
Holdings
Withdrawn status Lost status Source of classification or shelving scheme Damaged status Not for loan Home library Current library Date acquired Total Checkouts Full call number Barcode Date last seen Copy number Price effective from Koha item type
    Dewey Decimal Classification     College of Agriculture Library College of Agriculture Library 11/10/2021   636.08960079/CYT ALIB0008427 11/10/2021 6 11/10/2021 Books like text book referance book
    Dewey Decimal Classification     College of Agriculture Library College of Agriculture Library 11/10/2021   636.08960079/CYT ALIB0008428 11/10/2021 7 11/10/2021 Books like text book referance book